Normal view MARC view

Entry Uniform Title

Number of records used in: 2

001 - CONTROL NUMBER

  • control field: 28557

003 - CONTROL NUMBER IDENTIFIER

  • control field: dpl

005 - DATE AND TIME OF LATEST TRANSACTION

  • control field: 20110610113229.0

008 - FIXED-LENGTH DATA ELEMENTS

  • fixed length control field: 110610|||a|||||| | ||| d

040 ## - CATALOGING SOURCE

  • Original cataloging agency: dpl
  • Transcribing agency: dpl

130 ## - HEADING--UNIFORM TITLE

  • Uniform title: टाटा मेग्रा हील्स सीरिंज

670 ## - SOURCE DATA FOUND

  • Source citation: Work cat.: (dpl)49096: 24598 रमेश सिंह, भारतीय अर्थव्यवस्थाः, 2011

670 ## - SOURCE DATA FOUND

  • Source citation: Work cat.: (dpl)49096: 24598 रमेश सिंह, भारतीय अर्थव्यवस्थाः, 2011

© Delhi Public Library
Hit Counter
free hit counter